<?xml version="1.0" encoding="UTF-8"?>
<resp>
  <nextPage>https://data.bn.org.pl/api/networks/bibs.marcxml?marc=001+b0000002141004&amp;sinceId=2141005</nextPage>
  <collection>
    <record xmlns='http://www.loc.gov/MARC21/slim'><leader>03519nam a2200901 i 4500</leader><controlfield tag='001'>b0000002141004</controlfield><controlfield tag='005'>20241203215826.8</controlfield><controlfield tag='008'>210929s1961    pl           |000 fbpol c</controlfield><controlfield tag='009'>9910330843505606</controlfield><datafield ind1=' ' ind2=' ' tag='015'><subfield code='a'>UWD 1961/4557</subfield></datafield><datafield ind1=' ' ind2=' ' tag='020'><subfield code='c'>Zł 20 (t. 1-2)</subfield></datafield><datafield ind1=' ' ind2=' ' tag='035'><subfield code='a'>991042496249705066</subfield></datafield><datafield ind1=' ' ind2=' ' tag='035'><subfield code='a'>(PL)b0000002141004</subfield></datafield><datafield ind1=' ' ind2=' ' tag='035'><subfield code='a'>(PL-WaBN)b21410045-48omnis_nlop</subfield></datafield><datafield ind1=' ' ind2=' ' tag='035'><subfield code='a'>b21410045</subfield></datafield><datafield ind1=' ' ind2=' ' tag='035'><subfield code='a'>(OCoLC)749804808</subfield></datafield><datafield ind1=' ' ind2=' ' tag='035'><subfield code='a'>zz2006874087</subfield></datafield><datafield ind1=' ' ind2=' ' tag='040'><subfield code='a'>WA N</subfield><subfield code='c'>WA N</subfield><subfield code='d'>WA N</subfield></datafield><datafield ind1='2' ind2=' ' tag='045'><subfield code='b'>d1801</subfield><subfield code='b'>d1830</subfield></datafield><datafield ind1=' ' ind2=' ' tag='046'><subfield code='k'>1948</subfield></datafield><datafield ind1=' ' ind2=' ' tag='080'><subfield code='a'>884-3:92</subfield></datafield><datafield ind1='1' ind2=' ' tag='100'><subfield code='a'>Jastrun, Mieczysław</subfield><subfield code='d'>(1903-1983)</subfield><subfield code='e'>Autor</subfield></datafield><datafield ind1='1' ind2='0' tag='245'><subfield code='a'>Mickiewicz.</subfield><subfield code='n'>T. 1 /</subfield><subfield code='c'>Mieczysław Jastrun ; [okładkę projektował Aleksander Stefanowski].</subfield></datafield><datafield ind1=' ' ind2=' ' tag='260'><subfield code='a'>Warszawa :</subfield><subfield code='b'>Państwowy Instytut Wydawniczy,</subfield><subfield code='c'>1961.</subfield></datafield><datafield ind1=' ' ind2=' ' tag='300'><subfield code='a'>259, [1] strona ;</subfield><subfield code='c'>20 cm.</subfield></datafield><datafield ind1=' ' ind2=' ' tag='336'><subfield code='a'>Tekst</subfield><subfield code='b'>txt</subfield><subfield code='2'>rdacontent</subfield></datafield><datafield ind1=' ' ind2=' ' tag='337'><subfield code='a'>Bez urządzenia pośredniczącego</subfield><subfield code='b'>n</subfield><subfield code='2'>rdamedia</subfield></datafield><datafield ind1=' ' ind2=' ' tag='338'><subfield code='a'>Wolumin</subfield><subfield code='b'>nc</subfield><subfield code='2'>rdacarrier</subfield></datafield><datafield ind1=' ' ind2=' ' tag='380'><subfield code='a'>Książki</subfield></datafield><datafield ind1=' ' ind2=' ' tag='380'><subfield code='a'>Proza</subfield></datafield><datafield ind1=' ' ind2=' ' tag='386'><subfield code='m'>Przynależność kulturowa</subfield><subfield code='a'>Literatura polska</subfield></datafield><datafield ind1='1' ind2=' ' tag='388'><subfield code='a'>1901-2000</subfield></datafield><datafield ind1='1' ind2=' ' tag='388'><subfield code='a'>1945-1989</subfield></datafield><datafield ind1='1' ind2=' ' tag='490'><subfield code='a'>Biblioteka Powszechna</subfield></datafield><datafield ind1='1' ind2='7' tag='600'><subfield code='a'>Mickiewicz, Adam</subfield><subfield code='d'>(1798-1855)</subfield><subfield code='2'>DBN</subfield></datafield><datafield ind1=' ' ind2='7' tag='648'><subfield code='a'>1801-1900</subfield><subfield code='2'>DBN</subfield></datafield><datafield ind1=' ' ind2='7' tag='650'><subfield code='a'>Poeci polscy</subfield><subfield code='2'>DBN</subfield></datafield><datafield ind1=' ' ind2='7' tag='655'><subfield code='a'>Powieść biograficzna</subfield><subfield code='2'>DBN</subfield></datafield><datafield ind1='1' ind2=' ' tag='700'><subfield code='a'>Stefanowski, Aleksander</subfield><subfield code='d'>(1920-2003)</subfield><subfield code='e'>Projekt graficzny</subfield></datafield><datafield ind1='2' ind2=' ' tag='710'><subfield code='a'>Państwowy Instytut Wydawniczy</subfield><subfield code='e'>Wydawca</subfield><subfield code='4'>pbl</subfield></datafield><datafield ind1=' ' ind2='0' tag='830'><subfield code='a'>Biblioteka Powszechna</subfield></datafield><datafield ind1=' ' ind2=' ' tag='852'><subfield code='8'>2251703210007771</subfield><subfield code='j'>1</subfield><subfield code='b'>CHE_3_FL</subfield><subfield code='p'>K000L7761</subfield><subfield code='c'>FL_WYP</subfield></datafield><datafield ind1=' ' ind2=' ' tag='852'><subfield code='b'>48OMNIS_MPL</subfield><subfield code='8'>991002581097205069</subfield></datafield><datafield ind1=' ' ind2=' ' tag='852'><subfield code='8'>2254088930005069</subfield><subfield code='j'>1</subfield><subfield code='h'>156472 II/T.1 156472 II</subfield><subfield code='b'>LUBL_M</subfield><subfield code='p'>1000118171</subfield><subfield code='c'>10000</subfield></datafield><datafield ind1=' ' ind2=' ' tag='852'><subfield code='8'>22335368220006926</subfield><subfield code='j'>1</subfield><subfield code='h'>MG1_bg</subfield><subfield code='b'>TORU</subfield><subfield code='p'>mq2620951</subfield><subfield code='c'>MG1_bg</subfield></datafield><datafield ind1=' ' ind2=' ' tag='852'><subfield code='8'>22125638650007669</subfield><subfield code='j'>1</subfield><subfield code='b'>WA_392</subfield><subfield code='p'>221667</subfield><subfield code='c'>GEN</subfield></datafield><datafield ind1=' ' ind2=' ' tag='852'><subfield code='8'>22492657480005067</subfield><subfield code='j'>1</subfield><subfield code='h'>548983 II 1</subfield><subfield code='b'>BJ</subfield><subfield code='p'>1001738007</subfield><subfield code='c'>BJ_ARCHIW</subfield></datafield><datafield ind1=' ' ind2=' ' tag='852'><subfield code='8'>22492657500005067</subfield><subfield code='j'>1</subfield><subfield code='h'>548057 II 1</subfield><subfield code='b'>BJ</subfield><subfield code='p'>1001738003</subfield><subfield code='c'>BJ_MAG</subfield></datafield><datafield ind1=' ' ind2=' ' tag='852'><subfield code='8'>22541975120005066</subfield><subfield code='j'>1</subfield><subfield code='h'>235.841 t. 1</subfield><subfield code='b'>BN_PL</subfield><subfield code='p'>30001016042573</subfield><subfield code='c'>bk7</subfield></datafield><datafield ind1=' ' ind2=' ' tag='852'><subfield code='8'>22541975100005066</subfield><subfield code='j'>1</subfield><subfield code='h'>709.079 A t. 1</subfield><subfield code='b'>BN_PL</subfield><subfield code='p'>30001008203937</subfield><subfield code='c'>bk1</subfield></datafield><datafield ind1=' ' ind2=' ' tag='852'><subfield code='8'>22836209400008207</subfield><subfield code='j'>1</subfield><subfield code='h'>Z.117886 T.1</subfield><subfield code='b'>BPW_K</subfield><subfield code='p'>82499-10</subfield><subfield code='c'>ZAS</subfield></datafield><datafield ind1=' ' ind2=' ' tag='852'><subfield code='b'>48OMNIS_OPO</subfield><subfield code='8'>9917970407907</subfield></datafield><datafield ind1=' ' ind2=' ' tag='852'><subfield code='b'>48OMNIS_CHE</subfield><subfield code='8'>99169902107771</subfield></datafield><datafield ind1=' ' ind2=' ' tag='852'><subfield code='b'>48OMNIS_WBPL</subfield><subfield code='8'>991007552319708836</subfield></datafield><datafield ind1=' ' ind2=' ' tag='852'><subfield code='8'>22857698490008836</subfield><subfield code='j'>1</subfield><subfield code='b'>WBPL</subfield><subfield code='p'>235000053088</subfield><subfield code='c'>DUZIM_MG</subfield></datafield><datafield ind1=' ' ind2=' ' tag='852'><subfield code='b'>48OMNIS_UMKWT</subfield><subfield code='8'>991010097409706926</subfield></datafield><datafield ind1=' ' ind2=' ' tag='852'><subfield code='b'>48OMNIS_NLOP</subfield><subfield code='8'>991042496249705066</subfield></datafield><datafield ind1=' ' ind2=' ' tag='852'><subfield code='8'>227011710007907</subfield><subfield code='j'>1</subfield><subfield code='b'>OPO_5</subfield><subfield code='p'>00036535</subfield><subfield code='c'>GBP</subfield></datafield><datafield ind1=' ' ind2=' ' tag='852'><subfield code='b'>48OMNIS_NETWORK</subfield><subfield code='8'>9910330843505606</subfield></datafield><datafield ind1=' ' ind2=' ' tag='852'><subfield code='b'>48OMNIS_BPW</subfield><subfield code='8'>991053650617108207</subfield></datafield><datafield ind1=' ' ind2=' ' tag='852'><subfield code='b'>48OMNIS_UJA</subfield><subfield code='8'>991003982699705067</subfield></datafield><datafield ind1=' ' ind2=' ' tag='852'><subfield code='b'>48OMNIS_UKSW</subfield><subfield code='8'>991002506709707669</subfield></datafield><datafield ind1=' ' ind2=' ' tag='950'><subfield code='u'>https://eu05.alma.exlibrisgroup.com/view/uresolver/48OMNIS_NETWORK/openurl?u.ignore_date_coverage=true&amp;portfolio_pid=53705468600005066&amp;Force_direct=true</subfield><subfield code='z'>Zobacz w Polonie: egzemplarz 709.079 A</subfield><subfield code='8'>53705468600005066</subfield></datafield></record>
  </collection>
</resp>
